| 000 | 00819cab a2200241 4500 | ||
|---|---|---|---|
| 001 | WB3445-34 | ||
| 008 | 090401t1998 xxu||||| |||| 00| 0 eng d | ||
| 035 | _a(Sirsi) u89899 | ||
| 041 | _aeng | ||
| 245 | _aSubsidence problems | ||
| 260 | _c1998 | ||
| 350 | _a0 | ||
| 490 |
_aSunday Telegraph _v22 November 1998, 24(2) |
||
| 520 | _aInsurers are increasingly reluctant to insure houses that have suffered from subsidence, even if they have been properly underpinned. In some cases, insurers will not even take on properties that have been underpinned in line with insurers standards. | ||
| 650 | _aBUILDING INSURANCE | ||
| 650 | _aINSURANCE COMPANIES | ||
| 650 | _aSUBSIDENCE CLAIMS | ||
| 650 | _aSUBSIDENCE | ||
| 650 | _aUNDERPINNING | ||
| 690 |
_aINSURANCE _96249 |
||
| 942 | _n0 | ||
| 948 | _c24/11/1998 | ||
| 999 |
_c56918 _d56918 |
||